|
|
|
|
| LEADER |
00927naa a2200229 i 4500 |
| 001 |
acta76857 |
| 005 |
20221108093555.0 |
| 008 |
221107s2021 hu o 1|| hun d |
| 020 |
|
|
|a 978-963-306-792-5
|
| 022 |
|
|
|a 2062-8439
|
| 040 |
|
|
|a SZTE Egyetemi Kiadványok Repozitórium
|b hun
|
| 041 |
|
|
|a hun
|
| 100 |
1 |
|
|a Gephárt Enikő
|
| 245 |
1 |
2 |
|a A floddeni csata
|h [elektronikus dokumentum] /
|c Gephárt Enikő
|
| 260 |
|
|
|a Szegedi Tudományegyetem Eötvös Loránd Kollégium
|b Szeged
|c 2021
|
| 300 |
|
|
|a 56-66
|
| 490 |
0 |
|
|a Acta Szegediensia Collegii de Rolando Eötvös Nominati : Eötvözet
|v 9
|
| 650 |
|
4 |
|a Bölcsészettudományok
|
| 650 |
|
4 |
|a Történettudomány és régészet
|
| 695 |
|
|
|a Anglia története - 19. sz., Skócia története - 19. sz.
|
| 710 |
|
|
|a Eötvözet : Eötvös Loránd Kollégium konferenciája (9.) (2020)
|
| 856 |
4 |
0 |
|u http://acta.bibl.u-szeged.hu/76857/1/eotvozet_009_056-066.pdf
|z Dokumentum-elérés
|